[Event "4th London Classic Open"]
[Site "London ENG"]
[Date "2012.12.06"]
[Round "6"]
[White "Kiik,K"]
[Black "Ledger,D"]
[Result "1-0"]
[WhiteTitle "IM"]
[BlackTitle "FM"]
[WhiteElo "2437"]
[BlackElo "2266"]
[WhiteFideId "4500075"]
[BlackFideId "401986"]
[EventDate "2012.12.01"]

1. Nf3 Nf6 2. g3 g6 3. b3 Bg7 4. Bb2 O-O 5. Bg2 d6 6. d4 e5 7. dxe5 Ng4 8. h3
Nxe5 9. Nxe5 dxe5 10. Qxd8 Rxd8 11. Nd2 Nc6 12. O-O-O Be6 13. Ne4 Rxd1+ 14. Rxd1
Rd8 15. Nc5 Rxd1+ 16. Kxd1 Bc8 17. h4 Nd8 18. a4 Bf8 19. Ne4 Bg7 20. Nc3 c6 21.
a5 f5 22. Na4 e4 23. Bxg7 Kxg7 24. f3 exf3 25. exf3 f4 26. g4 Ne6 27. Kd2 h6 28.
Kc3 Kf6 29. Bf1 g5 30. h5 Ke5 31. Nb2 Nd4 32. Nc4+ Kd5 33. Nd2 c5 34. Bd3 Kc6
35. Be4+ Kc7 36. Kc4 b6 37. axb6+ axb6 38. Kd5 Nc6 39. c3 Bd7 40. Nc4 Nd8 41.
Ke5 b5 42. Nd2 Nc6+ 43. Kf6 Kd6 44. Bh7 b4 45. Nc4+ Kc7 46. cxb4 cxb4 47. Be4
Kd8 48. Nd6 Nd4 49. Nf7+ Kc7 50. Nxh6 Nxb3 51. Nf7 Nd2 52. Bd5 b3 53. Bxb3 Nxf3
54. h6 1-0

[Event "4th London Classic Open"]
[Site "London ENG"]
[Date "2012.12.06"]
[Round "6"]
[White "Grant,J"]
[Black "Ferguson,M"]
[Result "0-1"]
[BlackTitle "IM"]
[WhiteElo "2217"]
[BlackElo "2402"]
[WhiteFideId "2400294"]
[BlackFideId "403547"]
[EventDate "2012.12.01"]

1. b3 d5 2. Bb2 Bg4 3. h3 Bh5 4. g4 Bg6 5. Bg2 e6 6. Nf3 Nd7 7. d3 c5 8. Nbd2
Ne7 9. e3 Nc6 10. a3 f6 11. Nh4 Bf7 12. f4 Bd6 13. Nhf3 Qc7 14. Qe2 O-O-O 15. h4
Rhe8 16. O-O e5 17. fxe5 Ndxe5 18. Nxe5 Bxe5 19. Bxe5 Qxe5 20. e4 Qg3 21. b4
Qxh4 22. Qf2 Qxg4 23. Qxc5 dxe4 24. Nxe4 Re5 25. Qf2 Bd5 26. Rae1 Bxe4 27. Rxe4
Rxe4 28. dxe4 Kb8 29. Qf5 Ne5 30. Qxh7 Rd2 31. Qh3 Rxc2 32. Qxg4 Nxg4 33. Bh3
Ne5 34. Rd1 Kc7 35. Be6 Rc3 36. a4 Rd3 37. Rc1+ Kd6 38. Bd5 Rd4 39. b5 b6 40.
Ra1 f5 41. a5 fxe4 42. axb6 axb6 43. Ba8 e3 44. Re1 Nc4 45. Kg2 Ke5 46. Kg3 Rd2
47. Bf3 Kd4 48. Kf4 Rf2 49. Kg3 Nd2 50. Bg2 Ne4+ 51. Bxe4 Kxe4 52. Rb1 Rf7 53.
Rb4+ Kd3 54. Rb3+ Kd2 0-1

[Event "4th London Classic Open"]
[Site "London ENG"]
[Date "2012.12.06"]
[Round "6"]
[White "Jetzl,J"]
[Black "Bates,Ri"]
[Result "1/2-1/2"]
[BlackTitle "IM"]
[WhiteElo "2208"]
[BlackElo "2370"]
[WhiteFideId "1601172"]
[BlackFideId "403555"]
[EventDate "2012.12.01"]

1. d4 Nf6 2. Nf3 g6 3. Bg5 Bg7 4. c3 O-O 5. Nbd2 d6 6. e4 c5 7. dxc5 dxc5 8. Bc4
Nc6 9. Qe2 Qc7 10. O-O h6 11. Bh4 Nh5 12. Qe3 b6 13. Rfe1 g5 14. Bxg5 hxg5 15.
Qxg5 Nf4 16. e5 Ne6 17. Qh5 Nf4 18. Qg5 Ne6 19. Qh5 Nf4 20. Qg5 1/2-1/2

[Event "4th London Classic Open"]
[Site "London ENG"]
[Date "2012.12.06"]
[Round "6"]
[White "Szabo,Ben"]
[Black "Stephan,Ax"]
[Result "1-0"]
[WhiteElo "2365"]
[BlackElo "2233"]
[WhiteFideId "733776"]
[BlackFideId "4632834"]
[EventDate "2012.12.01"]

1. Nf3 Nf6 2. c4 g6 3. Nc3 d5 4. Qa4+ Bd7 5. Qb3 dxc4 6. Qxc4 Nc6 7. d4 Bg7 8.
e4 O-O 9. Be2 Bg4 10. Be3 Nd7 11. Rd1 a6 12. Qb3 Qc8 13. h3 Bxf3 14. Bxf3 e5 15.
dxe5 Ncxe5 16. Be2 c5 17. Nd5 Kh8 18. O-O b5 19. f4 Nc6 20. e5 Re8 21. Bg4 c4
22. Qc2 Qb7 23. Bxd7 Qxd7 24. Nb6 Qa7 25. Rd7 1-0

[Event "4th London Classic Open"]
[Site "London ENG"]
[Date "2012.12.06"]
[Round "6"]
[White "Caoili,A"]
[Black "Arvola,B"]
[Result "1-0"]
[WhiteTitle "WIM"]
[BlackTitle "FM"]
[WhiteElo "2202"]
[BlackElo "2285"]
[WhiteFideId "5201179"]
[BlackFideId "1506536"]
[EventDate "2012.12.01"]

1. d4 f5 2. Nf3 Nf6 3. c4 e6 4. Nc3 d5 5. Bf4 c6 6. e3 Be7 7. h3 Ne4 8. Ne5 O-O
9. Bd3 b6 10. O-O Bb7 11. Bxe4 fxe4 12. Qg4 Rf5 13. f3 exf3 14. Rxf3 Nd7 15. Rg3
Bf8 16. Nxd7 Qxd7 17. Be5 c5 18. cxd5 exd5 19. Rf3 Rf7 20. Rxf7 Qxf7 21. Rf1 Qg6
22. Qd7 Bc6 23. Qc7 Re8 24. Rf3 b5 25. Ne2 c4 26. Nf4 Qh6 27. Nh5 Re7 28. Bd6
Qe6 29. Bxe7 1-0

[Event "4th London Classic Open"]
[Site "London ENG"]
[Date "2012.12.06"]
[Round "6"]
[White "Croad,N"]
[Black "Hanssen,G"]
[Result "1/2-1/2"]
[WhiteTitle "FM"]
[WhiteElo "2282"]
[BlackElo "2207"]
[WhiteFideId "4300793"]
[BlackFideId "1501534"]
[EventDate "2012.12.01"]

1. d4 Nf6 2. c4 c6 3. Nf3 d5 4. e3 Bf5 5. Nc3 a6 6. Qb3 Ra7 7. a4 e6 8. Nh4 Be4
9. Be2 Bd6 10. O-O Nbd7 11. cxd5 cxd5 12. Nxe4 Nxe4 13. Nf3 O-O 14. Bd2 Nxd2 15.
Nxd2 Qb8 16. Nf3 Ra8 17. Rfc1 Rc8 18. Bd3 Rc7 19. Qd1 Qd8 20. Rxc7 Bxc7 21. Qb3
Rb8 22. Rc1 Bd6 23. Rc3 g6 24. g3 Qb6 25. Kg2 Bb4 26. Rc2 Bd6 27. Rc3 Bb4 28.
Rc2 Bd6 29. Qxb6 Nxb6 30. b3 Rc8 31. Kf1 Rxc2 32. Bxc2 Nd7 33. g4 Kg7 34. h3 h6
35. Ne1 Kf6 36. h4 h5 37. g5+ Ke7 38. f4 Nb8 39. Nd3 Nc6 40. Ke2 Nb4 41. Nxb4 1/2-1/2

[Event "4th London Classic Open"]
[Site "London ENG"]
[Date "2012.12.06"]
[Round "6"]
[White "Osborne,M"]
[Black "Dale,Ari"]
[Result "0-1"]
[WhiteElo "2280"]
[BlackElo "2122"]
[WhiteFideId "404608"]
[BlackFideId "3213145"]
[EventDate "2012.12.01"]

1. Nf3 Nf6 2. c4 g6 3. Nc3 d5 4. cxd5 Nxd5 5. d3 Bg7 6. Bd2 O-O 7. h4 h5 8. g3
b6 9. Bg2 Bb7 10. Qc1 Re8 11. Ng5 e6 12. Nge4 Nc6 13. Bg5 Qc8 14. O-O Nd4 15.
Re1 Kh8 16. Nxd5 exd5 17. Bf6 Nf5 18. Bh3 Kg8 19. Bxg7 Kxg7 20. Ng5 f6 21. e4
dxe4 22. dxe4 fxg5 23. exf5 g4 24. Qc3+ Kg8 25. Qc4+ Kh8 26. Qc3+ Kg8 27. Bf1
Qxf5 28. Rad1 b5 29. Qb3+ Kh8 30. Bxb5 Rxe1+ 31. Rxe1 Qf3 32. Qxf3 Bxf3 33. Bd3
Rd8 34. Bxg6 Rd2 35. Rb1 Kg7 36. Bxh5 Re2 37. Rc1 Re5 38. Bxg4 Bxg4 39. Rxc7+
Kf6 40. Kg2 a5 41. Rc6+ Be6 42. Rb6 Kf5 43. a4 Bd5+ 44. Kh3 Re1 45. g4+ Ke5 46.
h5 Rh1+ 47. Kg3 Rg1+ 48. Kh4 Be6 49. Kh3 Bxg4+ 50. Kh2 Rd1 51. h6 Bf5 52. Kg3
Rd3+ 53. f3 Be6 54. Rb5+ Kf6 55. Kf4 Bd5 56. Rxa5 Rxf3+ 57. Kg4 Rd3 58. Rb5 Be6+
59. Kf4 Rd4+ 60. Ke3 Rxa4 61. b4 Ra3+ 62. Kd4 Rh3 63. Rb6 Rxh6 64. b5 Rh4+ 65.
Kc5 Ke5 66. Rc6 Bd5 67. Rg6 Rc4+ 68. Kb6 Rc1 69. Ka7 Be4 70. Rh6 Ra1+ 71. Kb6
Rb1 72. Kc5 Rc1+ 73. Kb6 Kd4 74. Rh5 Rg1 75. Rh6 Rg5 76. Rh4 Re5 77. Ka6 Kc5 78.
Rh6 Re8 79. Rh5+ Bd5 80. Rh7 Bc4 81. Rh5+ Kb4 82. Kb6 Re6+ 83. Kc7 Bxb5 84. Rd5
Rc6+ 85. Kd7 Rh6+ 86. Ke7 Kc4 87. Rd6 Rh7+ 88. Kf6 Kc5 89. Re6 Bc4 90. Re7 Rh6+
91. Ke5 Rh5+ 92. Ke4 Bd5+ 93. Kf4 Kd4 94. Re1 Rh4+ 95. Kf5 Be4+ 96. Kg5 Rh8 97.
Kf6 Rh6+ 98. Kg5 Rg6+ 99. Kf4 Rf6+ 100. Kg5 Rf5+ 101. Kg4 Ke5 102. Re3 Rf7 103.
Kg3 Rg7+ 104. Kf2 Kf4 105. Ra3 Rg2+ 106. Kf1 Rb2 107. Ke1 Bf3 108. Rc3 Be4 109.
Ra3 Rh2 110. Rb3 Ke5 111. Re3 Rh1+ 112. Kd2 Kd4 113. Rg3 Ra1 114. Rh3 Ra2+ 115.
Ke1 Bd3 116. Rg3 Re2+ 117. Kf1 Ke4 118. Kg1 Rd2 119. Rh3 Kf4 120. Kh1 Bf1 121.
Rh8 Be2 0-1

[Event "4th London Classic Open"]
[Site "London ENG"]
[Date "2012.12.06"]
[Round "6"]
[White "Dole,A"]
[Black "Arkell,K"]
[Result "0-1"]
[BlackTitle "GM"]
[WhiteElo "2138"]
[BlackElo "2470"]
[WhiteFideId "14301490"]
[BlackFideId "400270"]
[EventDate "2012.12.01"]

1. e4 c6 2. d4 d5 3. Nc3 dxe4 4. Nxe4 Nd7 5. Bc4 Ngf6 6. Ng5 e6 7. Qe2 Nb6 8.
Bd3 h6 9. N5f3 c5 10. Be3 Qc7 11. Ne5 cxd4 12. Bxd4 Bc5 13. Bxc5 Qxc5 14. Ngf3
Bd7 15. O-O O-O 16. c4 Bc6 17. Rfe1 Nbd7 18. Nxc6 bxc6 19. Rad1 Rfd8 20. Nd4
Rac8 21. h3 Qa5 22. Qc2 Qb6 23. Be2 Ne5 24. c5 Qc7 25. f4 Ned7 26. Bf3 Nd5 27.
f5 Nb4 28. Qc4 Ne5 29. Qe2 Nbd3 30. Nxc6 Nxf3+ 0-1

[Event "4th London Classic Open"]
[Site "London ENG"]
[Date "2012.12.06"]
[Round "6"]
[White "Pert,R"]
[Black "Ilfeld,E"]
[Result "1-0"]
[WhiteTitle "IM"]
[WhiteElo "2454"]
[BlackElo "2191"]
[WhiteFideId "404748"]
[BlackFideId "2803470"]
[EventDate "2012.12.01"]

1. d4 d5 2. c4 c6 3. Nc3 e6 4. e4 Bb4 5. Bd2 dxc4 6. Bxc4 Qxd4 7. Qe2 Qd8 8. Nf3
Nd7 9. O-O Ne7 10. a3 Ba5 11. Rfd1 Ng6 12. e5 Bxc3 13. Bxc3 Qe7 14. Rac1 O-O 15.
Qe4 Nb6 16. Bd3 Nd5 17. h4 Nxc3 18. Rxc3 Rd8 19. Rdc1 b6 20. h5 Nf8 21. h6 Bb7
22. hxg7 Kxg7 23. Qg4+ Ng6 24. b4 Rac8 25. Ng5 c5 26. Qh5 Rh8 27. Be4 h6 28.
Nxe6+ Qxe6 29. Bxb7 Rb8 30. Be4 cxb4 31. axb4 Rhe8 32. Rc6 Qxe5 33. Bxg6 fxg6
34. Qxg6+ Kf8 35. Rf6+ Ke7 36. Rf7+ Kd8 37. Qd3+ 1-0

[Event "4th London Classic Open"]
[Site "London ENG"]
[Date "2012.12.06"]
[Round "6"]
[White "Rudd,J"]
[Black "Semprun Martinez,F"]
[Result "1-0"]
[WhiteTitle "IM"]
[WhiteElo "2288"]
[BlackElo "2183"]
[WhiteFideId "405736"]
[BlackFideId "2203170"]
[EventDate "2012.12.01"]

1. e4 e5 2. d4 exd4 3. Qxd4 Nc6 4. Qe3 Nf6 5. Nc3 Bb4 6. Bd2 O-O 7. O-O-O Re8 8.
Bc4 d6 9. f3 Be6 10. Bxe6 Rxe6 11. Nh3 Re8 12. Nf4 Ne5 13. Nd3 Ba5 14. Nxe5 Rxe5
15. Qd3 Nd7 16. Bf4 Bxc3 17. Qxc3 Rc5 18. Qb3 a6 19. Be3 Rb5 20. Qc3 Qf6 21.
Qxf6 Nxf6 22. c4 Re5 23. Rd2 b5 24. Bd4 Re6 25. c5 dxc5 26. Bxc5 Rc6 27. b4 a5
28. Rhd1 g5 29. Rd8+ Rxd8 30. Rxd8+ Kg7 31. Kb2 axb4 32. Bxb4 Rc4 33. Bc3 Kg6
34. Kb3 h5 35. e5 Nh7 36. Rd5 Nf8 37. Rxb5 Rf4 38. a4 Ne6 39. a5 c6 40. Rb6 Kf5
41. a6 1-0

[Event "4th London Classic Open"]
[Site "London ENG"]
[Date "2012.12.06"]
[Round "6"]
[White "Spivack,S"]
[Black "Chapman,T"]
[Result "1/2-1/2"]
[WhiteElo "2192"]
[BlackElo "2279"]
[WhiteFideId "404780"]
[BlackFideId "413399"]
[EventDate "2012.12.01"]

1. Nf3 d6 2. g3 g6 3. Bg2 Bg7 4. d4 Nf6 5. c4 O-O 6. O-O Nc6 7. Nc3 a6 8. h3 Rb8
9. Be3 Nd7 10. Rc1 e5 11. dxe5 Ndxe5 12. Nxe5 Nxe5 13. b3 Re8 14. Qd2 Bd7 15.
Rfd1 Bc6 16. Nd5 Rc8 17. Bd4 Bxd5 18. cxd5 Nd7 19. Be3 f5 20. Rc2 Nf6 21. Rdc1
Qd7 22. Rc4 Ne4 23. Qd3 Qe7 24. Bxe4 fxe4 25. Qc2 Qe5 26. Rxc7 Rxc7 27. Qxc7
Qxd5 28. Qd7 Rf8 29. Rc7 Rf7 30. Qe8+ Rf8 31. Rxg7+ Kxg7 32. Bh6+ Kxh6 33. Qxf8+
Kh5 34. Qf6 Kh6 35. Qf8+ Kh5 36. Qf4 g5 37. Qf6 g4 38. h4 b5 39. a4 b4 40. Kf1
Qd1+ 41. Kg2 Qd5 42. e3 1/2-1/2

[Event "4th London Classic Open"]
[Site "London ENG"]
[Date "2012.12.06"]
[Round "6"]
[White "Dukaczewski,P"]
[Black "Guthrie,D"]
[Result "0-1"]
[WhiteTitle "IM"]
[WhiteElo "2274"]
[BlackElo "2167"]
[WhiteFideId "1103520"]
[BlackFideId "4300505"]
[EventDate "2012.12.01"]

1. e4 c5 2. Nf3 d6 3. c3 Nf6 4. Bd3 Bg4 5. h3 Bh5 6. g4 Bg6 7. Bb5+ Nfd7 8. d3
a6 9. Qa4 e6 10. Nbd2 Be7 11. Nf1 O-O 12. Bxd7 Qxd7 13. Qc2 Nc6 14. Ng3 f5 15.
Nh2 d5 16. f4 Bh4 17. Qf2 fxe4 18. dxe4 Bxe4 19. O-O Ne5 20. Qe3 Nc4 21. Qe1 g5
22. fxg5 Qc7 23. Nxe4 Bxe1 24. Nf6+ Rxf6 25. gxf6 Qg3+ 26. Kh1 Bd2 27. g5 Rf8
28. Bxd2 Nxd2 29. Rg1 Qxh3 30. Rg2 Ne4 31. Rag1 Kf7 32. a3 Rg8 0-1

[Event "4th London Classic Open"]
[Site "London ENG"]
[Date "2012.12.06"]
[Round "6"]
[White "Iwanow,A"]
[Black "Roe,S"]
[Result "1-0"]
[WhiteTitle "WIM"]
[WhiteElo "2188"]
[BlackElo "2265"]
[WhiteFideId "1135988"]
[BlackFideId "401471"]
[EventDate "2012.12.01"]

1. e4 Nf6 2. e5 Nd5 3. d4 d6 4. Nf3 Bg4 5. Be2 e6 6. O-O Be7 7. h3 Bh5 8. c4 Nb6
9. exd6 cxd6 10. Nc3 O-O 11. b3 Nc6 12. Be3 d5 13. c5 Nc8 14. b4 a6 15. Rb1 Bf6
16. a4 Bg6 17. Bd3 Bxd3 18. Qxd3 N8e7 19. b5 axb5 20. axb5 Na5 21. Bf4 Nc4 22.
Ra1 Ng6 23. Bg3 Qd7 24. h4 h5 25. Qb1 Ne7 26. Ra2 Nf5 27. Rd1 Nxg3 28. fxg3 Qc7
29. Kf2 Rfc8 30. Qb3 Rxa2+ 31. Qxa2 Qd8 32. b6 Nxb6 33. Rb1 Ra8 34. Qb3 Nd7 35.
Nb5 Bxd4+ 36. Nbxd4 Nxc5 37. Qb5 Ne4+ 38. Kg1 Nd6 39. Qd3 Qc7 40. Ng5 Ne4 41.
Nxe4 dxe4 42. Qxe4 Ra4 43. Nxe6 Qa5 44. Nd4 Rb4 45. Rc1 g6 46. Qe8+ Kg7 47. Rc8
Kf6 48. Qh8+ Ke7 49. Qf8+ Kf6 50. Qd6+ Kg7 51. Ne6+ 1-0

[Event "4th London Classic Open"]
[Site "London ENG"]
[Date "2012.12.06"]
[Round "6"]
[White "Stachanczyk,J"]
[Black "Ethelontis,A"]
[Result "0-1"]
[WhiteElo "2265"]
[BlackElo "2155"]
[WhiteFideId "1116657"]
[BlackFideId "405469"]
[EventDate "2012.12.01"]

1. e4 e6 2. d4 d5 3. Nc3 Bb4 4. e5 c5 5. a3 Bxc3+ 6. bxc3 Ne7 7. Nf3 b6 8. a4
Ba6 9. Bxa6 Nxa6 10. Qe2 Nb8 11. Ba3 Nd7 12. O-O O-O 13. c4 dxc4 14. Rfd1 Qc7
15. Qxc4 Rfc8 16. Qd3 Ng6 17. c3 h6 18. h4 Qc6 19. Qe3 Ne7 20. Qd3 Ng6 21. Qe3
Ne7 22. Qf4 Nd5 23. Qd2 cxd4 24. cxd4 Qxa4 25. Bd6 Qc2 26. Ra6 Qf5 27. Rc1 Nf4
28. Rxc8+ Rxc8 29. Ra3 Rc2 30. Qe3 Re2 31. Qc3 Qb1+ 32. Kh2 Qf1 33. Kg3 Nh5+ 0-1

[Event "4th London Classic Open"]
[Site "London ENG"]
[Date "2012.12.06"]
[Round "6"]
[White "Lee,Ka"]
[Black "Eames,R"]
[Result "1/2-1/2"]
[BlackTitle "FM"]
[WhiteElo "2165"]
[BlackElo "2263"]
[WhiteFideId "5802920"]
[BlackFideId "408743"]
[EventDate "2012.12.01"]

1. e4 e5 2. Nf3 Nc6 3. Bb5 a6 4. Ba4 Nf6 5. d3 d6 6. c3 Bd7 7. O-O Be7 8. Re1 h6
9. Nbd2 Nh7 10. d4 b5 11. Bb3 Bg5 12. Bd5 Qf6 13. a4 bxa4 14. dxe5 dxe5 15. Nc4
Bxc1 16. Qxc1 Rd8 17. Bxc6 Bxc6 18. Ncxe5 Ng5 19. Nxg5 Qxe5 20. Nf3 Qd6 21. Nd4
Bd7 22. Qe3 O-O 23. Nc2 Rfe8 24. Rad1 Qg6 25. Nb4 Kh7 26. Qg3 Qb6 27. Nd5 Qxb2
28. Nxc7 Rf8 29. Nxa6 a3 30. Nb4 Be6 31. Qe3 Rxd1 32. Rxd1 Rc8 33. Nd5 a2 34.
Qe1 Rb8 35. Nb4 Bb3 36. Ra1 Rxb4 37. cxb4 Bc2 38. h3 Bb1 39. Rxa2 Bxa2 40. f3
Qd4+ 41. Kh2 g5 42. Qe2 Bc4 43. Qc2 Kg7 44. Qc1 Qd6+ 45. Kg1 Qxb4 46. Qa1+ Kh7
47. Qf6 Qb1+ 48. Kh2 Qb8+ 49. e5 Qb1 50. h4 Qg6 51. hxg5 hxg5 52. Qe7 Qh5+ 53.
Kg1 Qh4 54. Qc7 Qd4+ 55. Kh2 Be6 56. Qc2+ Kg7 57. Qe2 Qf4+ 58. Kg1 Qd4+ 59. Kh2
Bc4 60. Qe1 Kh6 61. Qa5 Bd5 62. Qc7 Be6 63. Qb8 Kg7 64. Qc7 g4 65. Kg3 Qe3 66.
Qd6 Qe1+ 67. Kf4 Qc1+ 68. Kg3 Qe3 69. Qc7 gxf3 70. gxf3 Bd5 71. e6 Qxf3+ 72. Kh4
Qf2+ 73. Kg5 Qf6+ 74. Kg4 Qxe6+ 75. Kg5 Qe3+ 76. Kh4 Be6 77. Qe5+ 1/2-1/2

[Event "4th London Classic Open"]
[Site "London ENG"]
[Date "2012.12.06"]
[Round "6"]
[White "Friedland,J"]
[Black "Player,E"]
[Result "0-1"]
[WhiteTitle "CM"]
[WhiteElo "2125"]
[BlackElo "2248"]
[WhiteFideId "408484"]
[BlackFideId "406520"]
[EventDate "2012.12.01"]

1. e4 e6 2. d4 d5 3. Nc3 Bb4 4. Bd3 dxe4 5. Bxe4 Nf6 6. Bd3 c5 7. dxc5 Nbd7 8.
a3 Bxc3+ 9. bxc3 Qc7 10. Nf3 Nxc5 11. O-O O-O 12. c4 e5 13. Be2 Nfe4 14. Bb2 f6
15. Re1 Qb6 16. Rb1 Nxf2 17. Qd5+ Be6 18. Bd4 Bxd5 19. Rxb6 axb6 20. Bxf2 Be6
21. h3 Ra4 22. Nd2 Rd8 23. Nb3 Bxc4 24. Bxc5 Bxe2 25. Rxe2 bxc5 26. Nxc5 Rxa3
27. Nxb7 Rd1+ 28. Kf2 Rc3 29. h4 Rc1 30. Re4 R1xc2+ 31. Kg1 Rc4 32. Re3 Rxh4 33.
Ra3 h5 34. Nd6 Rg4 35. Ne8 Rgxg2+ 36. Kh1 Rgd2 0-1

[Event "4th London Classic Open"]
[Site "London ENG"]
[Date "2012.12.06"]
[Round "6"]
[White "Berry,N"]
[Black "Zymberi,As"]
[Result "1-0"]
[WhiteTitle "FM"]
[WhiteElo "2247"]
[BlackElo "2154"]
[WhiteFideId "2400650"]
[BlackFideId "4700295"]
[EventDate "2012.12.01"]

1. d4 Nf6 2. c4 g6 3. f3 Nc6 4. d5 Ne5 5. e4 d6 6. Nc3 c6 7. f4 Ned7 8. Nh3 cxd5
9. cxd5 Qb6 10. Nf2 Bg7 11. Be2 O-O 12. O-O Nc5 13. Bf3 e6 14. Re1 exd5 15. e5
dxe5 16. fxe5 Nfd7 17. Nxd5 Qd8 18. Ng4 Ne6 19. Bh6 Bxh6 20. Nxh6+ Kg7 21. Ng4
Qg5 22. g3 h5 23. h4 Qd8 24. Ngf6 Nxf6 25. exf6+ Kh6 26. Re5 Qd6 27. Qd2+ Kh7
28. Rxh5+ gxh5 29. Be4+ 1-0

[Event "4th London Classic Open"]
[Site "London ENG"]
[Date "2012.12.06"]
[Round "6"]
[White "Jackson,J"]
[Black "Ociepka,A"]
[Result "1-0"]
[WhiteElo "2222"]
[BlackElo "2143"]
[WhiteFideId "416860"]
[BlackFideId "1141937"]
[EventDate "2012.12.01"]

1. d4 Nf6 2. c4 g6 3. Nc3 d5 4. Nf3 Bg7 5. Qb3 dxc4 6. Qxc4 O-O 7. e4 a6 8. Be2
b5 9. Qb3 c5 10. dxc5 Nbd7 11. c6 Nc5 12. Qc2 b4 13. Na4 Ncxe4 14. O-O Be6 15.
c7 Qd5 16. Nb6 Qb7 17. Nxa8 Rxa8 18. Rd1 Nd6 19. Bf4 Nfe8 20. Bxd6 Nxd6 21. Nd4
Bd5 22. Bf3 Ne4 23. Rac1 Rc8 24. Nc6 Bxc6 25. Qxc6 Qxc6 26. Rxc6 Nd6 27. Be2 1-0

[Event "4th London Classic Open"]
[Site "London ENG"]
[Date "2012.12.06"]
[Round "6"]
[White "Luncasu,R"]
[Black "Berthier,H"]
[Result "1-0"]
[WhiteElo "2118"]
[BlackElo "2220"]
[WhiteFideId "1206222"]
[BlackFideId "655864"]
[EventDate "2012.12.01"]

1. e4 c5 2. Nf3 d6 3. d4 cxd4 4. Nxd4 Nf6 5. Nc3 a6 6. Bg5 e6 7. f4 Nc6 8. Qd2
h6 9. Bxf6 Qxf6 10. Nf3 Qd8 11. Bc4 b5 12. Bb3 Qb6 13. f5 Be7 14. fxe6 fxe6 15.
O-O-O Na5 16. Kb1 Nxb3 17. cxb3 Bd7 18. h4 O-O-O 19. Rhe1 Rhf8 20. Ne2 g5 21.
hxg5 hxg5 22. Nxg5 Rf2 23. g3 Kb8 24. Nh3 Rh2 25. Nhf4 Bc8 26. Qd3 Bf6 27. Rh1
Rxh1 28. Rxh1 Qb7 29. Nh5 Be5 30. Qf3 Qe7 31. Nhf4 Qg7 32. Nh5 Qh8 33. Nhf4 Qf6
34. Qe3 Bb7 35. Nd3 Rh8 36. Rxh8+ Qxh8 37. Kc1 Qh1+ 38. Kd2 Qxe4 39. Qxe4 Bxe4
40. Nxe5 dxe5 41. b4 Kc7 42. Nc3 Bf5 43. Ke3 Kb6 44. Kf3 a5 45. bxa5+ Kxa5 46.
g4 Bg6 47. Ke3 Kb4 48. g5 Kc4 49. Ne4 Kd5 50. Nf6+ Kc4 51. Nd7 Kd5 52. Nf8 Bf7
53. g6 Bg8 54. Nh7 Kd6 55. Nf6 Ke7 56. Nxg8+ Kf8 57. Nf6 Kg7 58. Nd7 Kxg6 59.
Nxe5+ Kf5 60. Nc6 1-0

[Event "4th London Classic Open"]
[Site "London ENG"]
[Date "2012.12.06"]
[Round "6"]
[White "Fayard,A"]
[Black "Seymour,T"]
[Result "0-1"]
[WhiteTitle "FM"]
[WhiteElo "2202"]
[BlackElo "2093"]
[WhiteFideId "600857"]
[BlackFideId "412112"]
[EventDate "2012.12.01"]

1. d4 e6 2. g3 Nf6 3. Bg2 d5 4. Nf3 b5 5. a4 b4 6. O-O Ba6 7. Nbd2 Nbd7 8. Re1
c5 9. e4 dxe4 10. Nxe4 Nxe4 11. Rxe4 Bb7 12. Re1 Be7 13. Be3 O-O 14. Qd2 Qa5 15.
Ne5 Bxg2 16. Kxg2 Nxe5 17. dxe5 Rfd8 18. Qe2 Rd5 19. Bf4 Rad8 20. b3 Qc7 21.
Rac1 c4 22. Kg1 g5 23. bxc4 Ra5 24. Qg4 Qxc4 25. h4 h5 26. Qxh5 gxf4 27. Qg4+
Kf8 28. h5 Rd4 29. Qf3 fxg3 30. fxg3 Qd5 31. Qe3 Rd2 0-1

[Event "4th London Classic Open"]
[Site "London ENG"]
[Date "2012.12.06"]
[Round "6"]
[White "Mehringer,Joerg"]
[Black "Kvisvik,B"]
[Result "0-1"]
[BlackTitle "FM"]
[WhiteElo "1874"]
[BlackElo "2316"]
[WhiteFideId "12915351"]
[BlackFideId "1502999"]
[EventDate "2012.12.01"]

1. e4 c5 2. g3 d5 3. exd5 Qxd5 4. Nf3 Bg4 5. Bg2 Qe6+ 6. Kf1 Nc6 7. d3 Qd7 8. h3
Bh5 9. Bf4 e6 10. g4 Bg6 11. Ne5 Nxe5 12. Bxe5 Ne7 13. Na3 Nc6 14. Nc4 f6 15.
Bc3 Bd6 16. Nxd6+ Qxd6 17. g5 e5 18. gxf6 gxf6 19. Qg4 Rg8 20. Qa4 O-O-O 21. Rg1
Kb8 22. Be4 Qd7 23. Rh1 Bxe4 24. Qxe4 Rg6 25. Qe3 b6 26. Rg1 Rdg8 27. Rxg6 Rxg6
28. a4 a5 29. Ke2 Ne7 30. Ra3 Nd5 31. Qf3 Nf4+ 32. Kd2 Qd5 33. Qe3 Ng2 34. Qe2
c4 35. Kc1 cxd3 36. cxd3 Nf4 37. Qe3 Kb7 38. Kc2 Rg2 39. Rb3 Rxf2+ 40. Bd2 Qd4
41. Qg3 Rg2 42. Qf3+ Qd5 43. Qe3 Qc6+ 44. Kb1 Nd5 45. Qe1 Qxa4 46. Qd1 Rxd2 0-1

[Event "4th London Classic Open"]
[Site "London ENG"]
[Date "2012.12.06"]
[Round "6"]
[White "Cherniaev,A1"]
[Black "Lenier,J"]
[Result "1-0"]
[WhiteTitle "GM"]
[WhiteElo "2460"]
[BlackElo "2069"]
[WhiteFideId "4117301"]
[BlackFideId "470678"]
[EventDate "2012.12.01"]

1. e4 e5 2. Nf3 Nc6 3. Bb5 a6 4. Ba4 Nf6 5. O-O Be7 6. Qe2 b5 7. Bb3 O-O 8. c3
d5 9. d3 Bb7 10. Rd1 Re8 11. a3 Bc5 12. h3 h6 13. Ba2 Bb6 14. Nbd2 a5 15. Nf1
Qd6 16. Ng3 Ne7 17. Nh4 c5 18. Nhf5 Nxf5 19. Nxf5 Qc6 20. exd5 Qd7 21. Qf3 Bxd5
22. Bxd5 Qxd5 23. Qg3 g6 24. Nxh6+ Kf8 25. Qg5 Ne4 26. Qh4 f5 27. Nxf5 1-0

[Event "4th London Classic Open"]
[Site "London ENG"]
[Date "2012.12.06"]
[Round "6"]
[White "Burke,J"]
[Black "Slavin,A"]
[Result "0-1"]
[BlackTitle "IM"]
[WhiteElo "2068"]
[BlackElo "2397"]
[WhiteFideId "404322"]
[BlackFideId "24104388"]
[EventDate "2012.12.01"]

1. e4 Nf6 2. Nc3 d5 3. e5 Ne4 4. Nxe4 dxe4 5. d4 exd3 6. Qxd3 Qxd3 7. Bxd3 g6 8.
f4 Bf5 9. Nf3 Bxd3 10. cxd3 Nc6 11. Ke2 f6 12. Bd2 Bg7 13. Rac1 fxe5 14. fxe5
Kd7 15. Rc5 e6 16. Rhc1 Rac8 17. d4 Ne7 18. Ra5 a6 19. b4 Ra8 20. Ra3 Bf8 21.
Rb3 Nd5 22. Ng5 Be7 23. Ne4 Rhf8 24. g3 Rf5 25. Rf1 Raf8 26. Rxf5 gxf5 27. Nc5+
Bxc5 28. bxc5 Kc6 29. Kf3 Rg8 30. h3 h5 31. Rb1 b5 32. a3 Ne7 33. Ba5 Rd8 34.
Ke3 Rd7 35. Rc1 Ng6 36. Be1 Nf8 37. Rc2 Nh7 38. Rb2 Ng5 39. Rh2 Kd5 40. Bb4 Rg7
41. Be1 Rh7 42. a4 Rh8 43. h4 Ne4 44. axb5 axb5 45. Ra2 Rb8 46. Kd3 b4 47. Rb2
b3 48. Ba5 Rb7 49. Bxc7 Rxc7 50. Rxb3 Rxc5 51. Ra3 Rb5 52. Ke3 Kc4 53. Kf4 Kxd4
54. Ra6 Kd5 55. Ra8 Rb4 56. Rh8 Nf6+ 0-1